00848cam a2200253 a 4500999001500000001000500015003000900020005001700029008004100046020001600087020001900103040003800122082001900160100002000179245004100199260003700240300004100277504005100318600002300369650003000392650004300422942001200465952011700477 c2856d28563414BD-DhUAP20210130160659.0200229s1998 bg abf b f000 0 eng  a0817656170  a9780817656171  aBD-DhUAPcBD-DhUAPdBD-DhUAPbEng a720.92 WAN223 aWang, Wilfried. aHerzog & de Meuron /cWilfried Wang. aBasel : bBirkhàˆuser,cc1998. a212 pages :billustrations ;c25 cm. aIncludes bibliographical references and index. aHerzog & de Meuron aArchitects -- Switzerland aArchitecture, Modern -- 20th century.  2ddccBK 00102ddc4070aUAPCLbUAPCLcGeneral Stacksd2020-02-29o720.92 WANp3010003414r2020-02-29t1w2020-02-29yBK